| 000 | 00538na a2200205 4500 | ||
|---|---|---|---|
| 001 | 24439 | ||
| 003 | MIRAKIL | ||
| 005 | 20181226104235.0 | ||
| 008 | 181017b tu 000 0 | ||
| 041 | _atur | ||
| 082 |
_a811.317 _bİ42t 1967 |
||
| 090 | _a811.317 İ42t 1967 | ||
| 100 | _aİldeniz, Türkan | ||
| 245 |
_aTaşra kızının deliceleri _cTürkan İldeniz |
||
| 260 |
_aİstanbul _b[yayl.y.] _c1967 |
||
| 300 |
_a75 s. _c16 sm. |
||
| 650 |
_aTürk Edebiyatı _xŞiir |
||
| 942 |
_2ddc _cBKS |
||
| 040 |
_aMilas _btur _cTR-AnCHP |
||
| 999 |
_c11822 _d11822 |
||